1985 mein Allama Iqbal per chapnay waly mazameen ka intekhab / (Record no. 329447)

000 -LEADER
fixed length control field nam a22 7a 4500
003 - CONTROL NUMBER IDENTIFIER
control field Nust
005 - DATE AND TIME OF LATEST TRANSACTION
control field 20171117163727.0
008 - FIXED-LENGTH DATA ELEMENTS--GENERAL INFORMATION
fixed length control field 170508b xxu||||| |||| 00| 0 eng d
040 ## - CATALOGING SOURCE
Transcribing agency Nust
041 ## - LANGUAGE CODE
Language code of original urdu
082 ## - DEWEY DECIMAL CLASSIFICATION NUMBER
Classification number 928.914391
Author Mark IQB
245 ## - TITLE STATEMENT
Title 1985 mein Allama Iqbal per chapnay waly mazameen ka intekhab /
Statement of responsibility, etc. murattabah Waheed Ishrat
260 ## - PUBLICATION, DISTRIBUTION, ETC.
Place of publication, distribution, etc. Lahore:
Name of publisher, distributor, etc. Iqbal Academy,
Date of publication, distribution, etc. 1989
300 ## - PHYSICAL DESCRIPTION
Extent 616 p.
650 ## - SUBJECT ADDED ENTRY--TOPICAL TERM
Topical term or geographic name entry element Iqbaliyat
9 (RLIN) 81
880 ## - ALTERNATE GRAPHIC REPRESENTATION
Linkage 100-01\(3\r
Title محمد اقبال
880 ## - ALTERNATE GRAPHIC REPRESENTATION
Linkage 245-02\(3\r
Title ۱۹۸۵میں علامہ پر چھپنے والے مضامین کا انتخاب
c مرتبہ: وحید عشرت
880 ## - ALTERNATE GRAPHIC REPRESENTATION
Linkage 260-03\(3\r
Title لاہور:
b اقبال اکادمی،
c 1989
942 ## - ADDED ENTRY ELEMENTS (KOHA)
Source of classification or shelving scheme
Koha item type Book
Holdings
Withdrawn status Lost status Source of classification or shelving scheme Damaged status Not for loan Collection code Permanent Location Current Location Shelving location Date acquired Total Checkouts Full call number Barcode Date last seen Date last checked out Copy number Price effective from Koha item type
            Central Library (CL) Central Library (CL) Book Cart 05/08/2017 1 891.4394 ISH CL2322 07/21/2020 08/23/2019 1 05/08/2017 Book
© 2023 Central Library, National University of Sciences and Technology. All Rights Reserved.